Movies Quiz

Random Movies or Box Office Quiz

Highest Grossing Horror Remakes Quiz Stats

 Plays Quiz not verified by Sporcle

Score 0/20 Timer 10:00
0 Plays Today
% Correct
The Ring (2002)
95.8%
A Nightmare on Elm Street (2010)
84%
Friday the 13th (2009)
77.1%
Halloween (2007)
75.7%
The Omen (2006)
69.6%
Poltergeist (2015)
67.1%
The Ring Two (2005)
61.4%
The Wolfman (2010)
61%
The Texas Chainsaw Massacre (2003)
54.8%
The Woman in Black (2012)
52.1%
% Correct
The Grudge (2004)
47.9%
Dawn of the Dead (2004)
46.1%
The Haunting (1999)
41.6%
The Amityville Horror (2005)
37.5%
My Bloody Valentine 3-D (2009)
36.2%
Evil Dead (2013)
34.7%
When a Stranger Calls (2006)
30.2%
The Stepford Wives (2004)
27.6%
Thirteen Ghosts (2001)
24.8%
Prom Night (2008)
18.7%

You're not logged in!

Compare scores with friends on all Sporcle quizzes.
OR
Log In

Show Comments

Extras

Top Quizzes Today


Score Distribution

Your Account Isn't Verified!

In order to create a playlist on Sporcle, you need to verify the email address you used during registration. Go to your Sporcle Settings to finish the process.

Report this User

Report this user for behavior that violates our Community Guidelines.

Details: